| 000 | 00833nam a22001697a 4500 | ||
|---|---|---|---|
| 999 |
_c59360 _d59360 |
||
| 003 | Ge_BSU | ||
| 005 | 20230130141627.0 | ||
| 008 | 230130s2000 ge ||||| |||| 00| 0 geo d | ||
| 041 | _ageo | ||
| 080 | _a347.779(479.22)(094.4) შ-24 | ||
| 100 |
_aშარაბიძე, კახა _916821 |
||
| 245 |
_aინტელექტუალური საკუთრების სამართალი : _bსაქართველოს კანონებისა და საერთაშორისო აქტების კრებული / _c[კახა შარაბიძე]. |
||
| 264 |
_aთბილისი : _c2000. |
||
| 300 |
_a288გვ. ; _b20სმ. |
||
| 653 | _aინტელექტუალური საკუთრების სამართალი | ||
| 942 |
_2udc _cBK |
||